The Holy Qur-An : (Record no. 6474)
[ view plain ]
| 000 -LEADER | |
|---|---|
| fixed length control field | 00571nam a22002177a 4500 |
| 001 - CONTROL NUMBER | |
| JCCL Control Number | 6474 |
| 003 - CONTROL NUMBER IDENTIFIER | |
| JCCL marc code | BD-JhCC |
| 005 - DATE AND TIME OF LATEST TRANSACTION | |
| control field | 20180218100750.0 |
| 008 - FIXED-LENGTH DATA ELEMENTS--GENERAL INFORMATION | |
| fixed length control field | 180123b xxu||||| |||| 00| 0 eng d |
| 035 ## - SYSTEM CONTROL NUMBER | |
| system control number | (BD-JhCC)6474 |
| 040 ## - CATALOGING SOURCE | |
| Original cataloging agency | BD-JhCC |
| Modifying agency | BD-JhCC |
| 041 ## - LANGUAGE CODE | |
| Language code of Book | eng |
| 082 ## - DEWEY DECIMAL CLASSIFICATION NUMBER | |
| Classification number | 297.1225 |
| Author mark and Year | ALI 1967 |
| 100 ## - MAIN ENTRY--PERSONAL NAME | |
| Personal name | Ali, Abdullah Yousuf |
| 245 ## - TITLE STATEMENT | |
| Title | The Holy Qur-An : |
| Remainder of title | text, translation & commentary / |
| Statement of responsibility, etc | Abdullah Yusuf Ali |
| 260 ## - PUBLICATION, DISTRIBUTION, ETC. (IMPRINT) | |
| Place of publication, distribution, etc | Lahor : |
| Name of publisher, distributor, etc | Sh Muhammad Ashraf, |
| Date of publication, distribution, etc | 1967. |
| 300 ## - PHYSICAL DESCRIPTION | |
| Pagination | 1040 p. : |
| Dimensions | 26 cm. |
| 650 ## - SUBJECT ADDED ENTRY--TOPICAL TERM | |
| Topical term or geographic name as entry element | Quran |
| 942 ## - ADDED ENTRY ELEMENTS (KOHA) | |
| Source of classification or shelving scheme | Dewey Decimal Classification |
| Koha item type | Books |
| Source of classification or shelving scheme | volume number | Damaged status | Not for loan | Home library | Current library | Shelving location | Date of accession | Total Checkouts | Full call number | Barcode | Date last seen | Copy number | Koha item type |
|---|---|---|---|---|---|---|---|---|---|---|---|---|---|
| Dewey Decimal Classification | V-2 | JCC Rouf Library | JCC Rouf Library | General Stacks | 02/18/2018 | 297.1225 ALI 1967 | 655 | 01/23/2018 | C 1 | Books |